Statistics for Top 20 Yankees: All-Time Wins Leaders

Click here to take the quiz!

General Stats

  • This quiz has been taken 196 times
  • The average score is 6 of 20

Answer Stats

WinsPlayer% Correct
236Whitey Ford
91%
219Andy Pettitte
83%
134C.C. Sabathia
69%
170Ron Guidry
66%
123Mike Mussina
51%
189Lefty Gomez
36%
231Red Ruffing
36%
164Mel Stottlemyre
28%
131Allie Reynolds
21%
157Waite Hoyt
19%
162Herb Pennock
16%
109Fritz Peterson
15%
113Ed Lopat
14%
109Spud Chandler
14%
120Vic Raschi
14%
128Jack Chesbro
13%
168Bob Shawkey
10%
93George Pipgras
5%
93Johnny Murphy
3%
96Ray Caldwell
2%

Score Distribution

Percentile by Number Answered

Percent of People with Each Score

Your Score History

You have not taken this quiz